|
|
|
|
| LEADER |
00000nab a2200000 a 4500 |
| 001 |
vtls000354940 |
| 003 |
SK-MaSNL |
| 005 |
20260304224748.0 |
| 008 |
111202c1988 xo 0 slo |
| 015 |
|
|
|a SNBRA19rr/mm-uuuuu
|
| 035 |
|
|
|a CL0355062
|
| 040 |
|
|
|a SNKBUCL
|b slo
|c SNKBUCL
|e AACR2
|
| 041 |
0 |
|
|a slo
|
| 044 |
|
|
|a xo
|c SK
|
| 080 |
|
|
|a 658.562:65.012.4:65.012.3
|2 1981
|
| 080 |
|
|
|a 65.012.4
|2 1981
|
| 080 |
|
|
|a 65.012.3
|2 1981
|
| 100 |
1 |
|
|a Macko, Ján
|4 aut
|9 5117
|
| 245 |
1 |
0 |
|a Projektovanie organizačného systému riadenia kvality na úrovni podniku odvetvového ministerstva. ministerstva
|c Ján Macko
|
| 300 |
|
|
|b Obr. 11. Tb. 1.
|
| 650 |
0 |
7 |
|a kvalita výrobkov
|2 snkbucl
|9 30963
|
| 650 |
0 |
7 |
|a kvalita produkcie
|2 snkbucl
|9 29901
|
| 650 |
0 |
7 |
|a systémy riadenia akosti
|2 snkbucl
|9 927268
|
| 655 |
|
7 |
|a články zo zborníkov
|2 snkbucl
|9 166140
|
| 773 |
0 |
|
|t Riadenie kvality v súčasných podmienkach vedeckotechnického rozvoja
|d Žilina : Dom techniky ČSVTS, 1988
|g S. 105-126
|
| 850 |
|
|
|a Slovenská národná knižnica v Martine
|a MTA001
|
| 852 |
|
|
|a SNK
|b KIS3GCP
|
| 958 |
|
|
|a RK
|
| 992 |
|
|
|a RZB
|
| 999 |
|
|
|c 3174021
|d 3175951
|